书目信息 |
| 题名: |
万物并作
|
|
| 作者: | 濮德培 著 ;韩昭庆 译 | |
| 分册: | ||
| 出版信息: | 北京 三联书店 2018.08 |
|
| 页数: | 268页 | |
| 开本: | 19cm | |
| 丛书名: | 复旦大学光华人文杰出学者讲座丛书 | |
| 单 册: | ||
| 中图分类: | X-091 | |
| 科图分类: | ||
| 主题词: | 环境--huan jing--历史--研究--世界 | |
| 电子资源: | ||
| ISBN: | 978-7-108-06194-2 | |
| 000 | 01540nam 2200301 450 | |
| 001 | 202019135495 | |
| 005 | 20191007123107.0 | |
| 010 | @a978-7-108-06194-2@b精装@dCNY46.00 | |
| 100 | @a20191004d2018 em y0chiy50 ea | |
| 101 | 1 | @achi@ceng |
| 102 | @aCN@b110000 | |
| 105 | @aab a 000yy | |
| 106 | @ar | |
| 200 | 1 | @a万物并作@Awan wu bing zuo@e中西方环境史的起源与展望@f(美) 濮德培著@g韩昭庆译 |
| 210 | @a北京@c三联书店@d2018.08 | |
| 215 | @a268页@c图, 地图@d19cm | |
| 225 | 2 | @a复旦大学光华人文杰出学者讲座丛书@Afu dan da xue guang hua ren wen jie chu xue zhe jiang zuo cong shu |
| 314 | @a濮德培, 美国著名历史学家, 汉学家。 | |
| 320 | @a有书目 (第251-265页) | |
| 330 | @a本书首先考察肇始于古代, 直至20世纪成为一个专门研究领域的西方环境史的发展历程。环境史源自两个学派: 法国年鉴学派和美国边疆史研究学派。前者关注长时段的研究以及自然界对人类社会产生的制约, 后者强调近代资本主义对自然界的不断改造。第二章相应地介绍中国环境史自帝制时期以来的发展到近代的逐渐兴起。第三章考察分析人地关系的发展过程中使用的不同尺度, 以及他们如何通过地方、区域以及全球的范围的观念来彼此相联。第四章梳理了把环境史与科学理论联系起来进行研究的诸多创见。 | |
| 410 | 0 | @12001 @a复旦大学光华人文杰出学者讲座丛书 |
| 517 | 1 | @a中西方环境史的起源与展望@Azhong xi fang huan jing shi de qi yuan yu zhan wang |
| 606 | 0 | @a环境@Ahuan jing@x历史@x研究@y世界 |
| 690 | @aX-091@v5 | |
| 701 | 1 | @a濮德培@Apu de pei@g(Perdue, Peter C.),@f1949-@4著 |
| 702 | 0 | @a韩昭庆@Ahan zhao qing@4译 |
| 801 | 0 | @aCN@c20190905 |
| 905 | @a河南城建学院图书馆@dX-091@eP818 | |
| 万物并作:中西方环境史的起源与展望/(美) 濮德培著/韩昭庆译.-北京:三联书店,2018.08 |
| 268页:图, 地图;19cm.-(复旦大学光华人文杰出学者讲座丛书) |
| ISBN 978-7-108-06194-2(精装):CNY46.00 |
| 本书首先考察肇始于古代, 直至20世纪成为一个专门研究领域的西方环境史的发展历程。环境史源自两个学派: 法国年鉴学派和美国边疆史研究学派。前者关注长时段的研究以及自然界对人类社会产生的制约, 后者强调近代资本主义对自然界的不断改造。第二章相应地介绍中国环境史自帝制时期以来的发展到近代的逐渐兴起。第三章考察分析人地关系的发展过程中使用的不同尺度, 以及他们如何通过地方、区域以及全球的范围的观念来彼此相联。第四章梳理了把环境史与科学理论联系起来进行研究的诸多创见。 |
| ● |
| 相关链接 |
|
|
|
正题名:万物并作
索取号:X-091/P818
 
预约/预借
| 序号 | 登录号 | 条形码 | 馆藏地/架位号 | 状态 | 备注 |
| 1 | 1444331 | 214443315 | 自科库501/501自科库 60排5列1层/ [索取号:X-091/P818] | 在馆 | |
| 2 | 1444332 | 214443324 | 自科库501/501自科库 60排5列1层/ [索取号:X-091/P818] | 在馆 |